书目信息 |
| 题名: |
世界帆船发展漫谈
|
|
| 作者: | 史冬辉 , 顾双飞 编著 | |
| 分册: | ||
| 出版信息: | 大连 大连出版社 2010 |
|
| 页数: | 184页 | |
| 开本: | 23cm | |
| 丛书名: | ||
| 单 册: | ||
| 中图分类: | U674.926-091 | |
| 科图分类: | ||
| 主题词: | 帆船--历史--世界 , 帆船 | |
| 电子资源: | ||
| ISBN: | 978-7-80684-937-8 | |
| 000 | 00882nam0 2200253 45 | |
| 001 | 1130710937 | |
| 005 | 20110310090054.40 | |
| 010 | @a978-7-80684-937-8@dCNY39.00 | |
| 100 | @a20110122d2010 em y0chiy50 ea | |
| 101 | 0 | @achi |
| 102 | @aCN@b210000 | |
| 105 | @aa z 000yy | |
| 106 | @ar | |
| 200 | 1 | @a世界帆船发展漫谈@AShi Jie Fan Chuan Fa Zhan Man Tan@f史冬辉,顾双飞编著@FShi Dong Hui, Gu Shuang Fei Bian Zhu |
| 210 | @a大连@c大连出版社@d2010 | |
| 215 | @a184页@c图@d23cm | |
| 330 | @a本书作者以帆船发展的西方线、印度洋—中东线、东方线三条主线为线索,介绍了世界帆船发展的大体脉络和有影响力的船型。 | |
| 606 | 0 | @a帆船@x历史@y世界 |
| 606 | 0 | @a帆船 |
| 690 | @aU674.926-091@v4 | |
| 701 | 0 | @a史冬辉@AShi Dong Hui@f(1976~)@4编著 |
| 701 | 0 | @a顾双飞@AGu Shuang Fei@c(女,@f1979~)@4编著 |
| 801 | 0 | @aCN@bTANGWEI@c20110310 |
| 905 | @b0531566-70@dU674.926-091@e210@f5 | |
| 世界帆船发展漫谈/史冬辉,顾双飞编著.-大连:大连出版社,2010 |
| 184页:图;23cm |
| ISBN 978-7-80684-937-8:CNY39.00 |
| 本书作者以帆船发展的西方线、印度洋—中东线、东方线三条主线为线索,介绍了世界帆船发展的大体脉络和有影响力的船型。 |
| ● |
| 相关链接 |
|
|
|
|
正题名:世界帆船发展漫谈
索取号:U674.926-091/210
 
预约/预借
| 序号 | 登录号 | 条形码 | 馆藏地/架位号 | 状态 | 备注 |
| 1 | 0531566 | 205315666 | 第二样本阅览室/ [索取号:U674.926-091/210] | 在馆 | |
| 2 | 0531567 | 205315675 | 第三借阅区/ [索取号:U674.926-091/210] | 在馆 | |
| 3 | 0531568 | 205315684 | 第三借阅区/ [索取号:U674.926-091/210] | 在馆 | |
| 4 | 0531569 | 205315693 | 第三借阅区/ [索取号:U674.926-091/210] | 在馆 | |
| 5 | 0531570 | 205315700 | 密集书库-体育系/ [索取号:U674.926-091/210] | 在馆 |